| 000 | 00628nam a2200217 i 4500 | ||
|---|---|---|---|
| 001 | 45885 | ||
| 003 | ES-MaACL | ||
| 005 | 20250507063017.0 | ||
| 007 | t| | ||
| 008 | 030327s1987 sp ||||1| spa d | ||
| 020 | _a84-204-8031-2 | ||
| 100 | 1 |
_aConde, Alfredo, _d1945- _9173663 |
|
| 245 | 1 | 3 |
_aEl Griffón / _cAlfredo Conde ; traducción al castellano del autor. |
| 250 | _a3ª ed. | ||
| 260 |
_aMadrid : _bAlfaguara, _c1987. |
||
| 300 |
_a258 p. ; _c22 cm. |
||
| 490 | 1 |
_aNueva ficción ; _v35 |
|
| 830 | 0 |
_aNueva ficción ; _v35 _9183218 |
|
| 852 |
_aES-MaACL _jC-2233 _bR.114644 |
||
| 999 |
_c45885 _d45885 |
||